00560nam a2200109 4500001000500000005001700005110011500022245019400137260006300331300001900394650003700413609620181127180854.0 aDepartment of Human Resources, Ministry of Labour and Human Resources, Royal Government of Bhutan.bcdenp00aHuman resource development master plan for private and corporate sector (2008-2013) /bcDepartment of Human Resources, Ministry of Labour and Human Resources, Royal Government of Bhutan.h00aThimphu :bMinistry of Labour and Human Resources, c2010.00a102p. ; 22 cm.00aPersonnel management.--Bhutan.x